00533 2200193 4500001002100000005001500021008004100036035002500077041000800102082001100110090001100121100001600132245007500148250001600223260003000239300003000269650002100299650001900320INLIS00000000000754620130515192757 ind  a0010-051300000007546 aind a297.50 a297.50 aIbnu, Jamil aKepada Putra Putriku : Renungan Pesan Menjalankan Kehidupan Penuh Arti aCetakan : 1 aYogjakartabAbsolutc2002 a4160 hlm. : ilus. ;19 cm. aHukum Perkawinan aKumpulan Hadis